| 000 | 00565 a2200229 4500 | ||
|---|---|---|---|
| 260 | _aParis | ||
| 630 | _a62 - Ingenierie. Art de lingenieur. Technologie en general | ||
| 037 | _b1, LP | ||
| 650 | _a6 - SCIENCES APPLIQUEES | ||
| 100 | _aLouchet, jean | ||
| 260 | _bEcole Nationale Supérieure de Techniques Avancées | ||
| 245 | _aVision : segmentation d'images | ||
| 300 | _a135p. | ||
| 650 | _aImage : technique | ||
| 260 | _c1992 | ||
| 300 | _b24 cm | ||
| 100 | _lFr | ||
| 037 | _aS 7272 | ||
| 020 | _a2.7225.839.7 | ||
| 999 |
_c37871 _d37871 |
||